Statistics for Tortuguero National Park Wildlife

Click here to take the quiz!

General Stats

  • This quiz has been taken 4 times
  • The average score is 41 of 84

Answer Stats

Answer% Correct
Central American White Faced Capuchin
75%
Common Lionfish
75%
Green Sea Turtle
75%
Keel Billed Toucan
75%
American Crocodile
50%
Anhinga
50%
Baird's Tapir
50%
Black River Turtle
50%
Boat Billed Heron
50%
Brown Throated Three Toed Sloth
50%
Bulldog Bat
50%
Bull Shark
50%
Central American Agouti
50%
Central American Boa
50%
Central American Red Brocket Deer
50%
Central American Spider Monkey
50%
Checkered Puffer
50%
Chestnut Coloured Woodpecker
50%
Chicken Snake
50%
Collared Peccary
50%
Common Black Hawk
50%
Common Bottlenose Dolphin
50%
Common Opossum
50%
Cougar
50%
Crested Aracari
50%
Crowned Woodnymph
50%
Eyelash Viper
50%
Giant Parrot Snake
50%
Great Crested Guan
50%
Great Green Macaw
50%
Great Potoo
50%
Green Basilisk Lizard
50%
Green Climbing Toad
50%
Green Iguana
50%
Green Vine Snake
50%
Harlequin Tree Frog
50%
Hawksbill Sea Turtle
50%
Helmeted Iguana
50%
Hoffman's Two Toed Sloth
50%
Honduran White Bat
50%
Jaguar
50%
Jaguar Guapote
50%
King Vulture
50%
Kinkajou
50%
Laughing Falcon
50%
Leatherback Sea Turtle
50%
Little Blue Heron
50%
Loggerhead Sea Turtle
50%
Lowland Paca
50%
Mantled Howler Monkey
50%
Mexican Hairy Dwarf Porcupine
50%
Middle American Ameiva
50%
Neotropical River Otter
50%
Nine Banded Armadillo
50%
Northern Jacana
50%
Northern Silky Anteater
50%
Northern Tamandua
50%
Ocelot
50%
Proboscis Bat
50%
Purple Gallinule
50%
Red Eyed Tree Frog
50%
Ringed Kingfisher
50%
Roseate Spoonbill
50%
Rufous Tailed Hummingbird
50%
Slaty Tailed Trogon
50%
Snowy Egret
50%
Spectacled Caiman
50%
Squirrel Cuckoo
50%
Strawberry Poison Dart Frog
50%
Sun Grebe
50%
Tayra
50%
Tropical Gar
50%
Turkey Vulture
50%
Variegated Squirrel
50%
West Indian Manatee
50%
White Hawk
50%
White Nosed Coatimundi
50%
Yellow Headed Gecko
50%
Border Anole
25%
Brown Land Turtle
25%
Humble Anole
25%
Puffing Snake
25%
Yellow Spotted Night Lizard
25%
Montezuma Oropendula
0%

Score Distribution

Percentile by Number Answered

Percent of People with Each Score

Your Score History

You have not taken this quiz